000 00297nam a22001337a 4500
005 20250902134712.0
008 250902b |||||||| |||| 00| 0 eng d
082 _a891.4
_bADR-U
100 _aM Adrees
245 _aUMAR BIN AL KHITAB /
650 _aUrdu Litreature
999 _c37090
_d37090